Statistics for Woodwind Instruments by Picture

Click here to take the quiz!

General Stats

  • This quiz has been taken 86 times
  • The average score is 10 of 15

Answer Stats

Answer% Correct
Flute
100%
Clarinet
98%
Recorder
88%
Bassoon
80%
Oboe
80%
Piccolo
80%
Alto Saxophone
77%
Tenor Saxophone
74%
Bass Clarinet
65%
Alto Flute
60%
Baritone Saxophone
55%
English Horn
51%
Contrabassoon
46%
Contrabass Saxophone
45%
Pennywhistle
31%

Score Distribution

Percentile by Number Answered

Percent of People with Each Score

Your Score History

You have not taken this quiz